00535nam a2200205Ia 4500008004100000020001800041050001700059050001600076100002600092245002700118245002500145260001600170260003000186260000900216300001500225300002600240300001100266440003100277650002100308160819s9999 xx 000 0 und d a978-232-122-5 aCUL TX 724.5 b.T5S53 2001 aShashi, Azrah Kamala. aDelightful Thai food / cAzrah Kamala Shashi. aSingapore : bTimes Media Private Ltd., c2001 a83 pages : bcolor illustrations ; c24 cm. aCelebrity chefs' cookbooks aCookery -- Thai.